| 000 | 00487nam a22001697a 4500 | ||
|---|---|---|---|
| 003 | BD-DhUL | ||
| 005 | 20171119153637.0 | ||
| 008 | 171119s1340 xx ||||| |||| 00| 0 per d | ||
| 040 |
_aBD-DhUL _cBD-DhUL |
||
| 082 |
_a891.551 _bNAD |
||
| 100 | 0 | _aنظیری نیشا بوری | |
| 245 | 0 |
_aدیوان نظیری نیشا بوری / _cنظیری نیشا بوری |
|
| 260 |
_a: _b، _c۔۱۳۴۰ |
||
| 300 |
_aص۔ ۷۵۰ ؛ _b۲۴ سم۔ |
||
| 650 | 0 | _aPersian poetry | |
| 942 |
_2ddc _cBK |
||
| 999 |
_c232186 _d232186 |
||